Personnage d'anime aux cheveux roses - Statistiques

Statistiques générales
  • Ce quiz a été pris 117 fois
  • Le résultat moyen est 10 sur 53
Statistiques - réponses
Hint Réponse % Correct
Meredy
94%
Naruto Sakura Haruno
86%
Assassination classroom Sakura Kiyashiki
86%
Fairy tail Natsu Dragneel
70%
Démon slayer Mitsuri Kanroji
51%
Darling in the franxx Zero two
44%
My hero academia Mina Ashido
41%
Seven deadly sins Gowther
36%
Re : zero Ram
36%
Big mom/Charlotte Linlin
34%
Mirai Nikki Yuno Gasai
32%
Reiju Vinsmoke
28%
Rebecca
26%
Shirahoshi
23%
Koby
21%
Cherry Brendy
17%
Gilthunder
17%
Perona
17%
Black clover Vanessa Enoteca
17%
Hunter x hunter Machi
16%
Cherrya Brendy
15%
One piece Jewelry Bonney
14%
Elfen lied Lucy/Kaede/Nyu
14%
Mei Hatsume
14%
Akame ga kill Mine
13%
Kuroko no basket Satsuki Momoi
13%
Virgo
13%
Virgo
13%
Bleach Yachiru Kusajishi
11%
Sword art online Rika Shinozaki/Lisbeth
10%
Charlotte Chiffon
9%
Akaza
8%
Charlotte Lola
7%
Hibana
7%
Noragami Kofuku
7%
Polyussica
7%
Guilty crown Inori Yuzuriha
6%
Angel beats Yui
6%
Fana
5%
Toradora Minori Kushieda
5%
Charlotte Galette
3%
Inca Kasugatani
3%
Blue exorcist Renzo Shima
3%
Fire force Asako Hague
2%
One punch man Boros
2%
Sailor moon Chibiusa Tsukino
2%
Dr stone Homura Momiji
2%
Szayelaporra Graz
2%
Manami Aiba/La Brava
1%
Masami Iwasawa
1%
Ikagura
0%
Magi Morgania
0%
Air gear Simca
0%
Aucun quiz correspondant
Distribution des résultats
% des personnes avec chaque résultat
Percentile par nombre de réponses
Votre historique - résultats
Vous n’avez pas pris ce quiz